ბათუმის შოთა რუსთაველის სახელმწიფო უნივერსიტეტის ბიბლიოთეკა

Лестница.Начинаем изучать русский (ბიბ.ჩანაწერი № 34987)

000 -LEADER
fixed length control field 00700nam a2200241Ia 4500
001 - CONTROL NUMBER
control field 823
003 - CONTROL NUMBER IDENTIFIER
control field GE_BSU
008 - FIXED-LENGTH DATA ELEMENTS--GENERAL INFORMATION
fixed length control field 181216s||||||||xx |||||||||||||| ||und||
020 ## - INTERNATIONAL STANDARD BOOK NUMBER
International Standard Book Number 9785957603344
040 ## - CATALOGING SOURCE
Transcribing agency GE_BSU
080 ## - UNIVERSAL DECIMAL CLASSIFICATION NUMBER
Universal Decimal Classification number 811.161.1
100 ## - MAIN ENTRY--PERSONAL NAME
Personal name Аникина,М.Н.
245 ## - TITLE STATEMENT
Title Лестница.Начинаем изучать русский
245 ## - TITLE STATEMENT
Remainder of title Учебник. Для студ. иностранцев высш. уч. завед.
250 ## - EDITION STATEMENT
Edition statement 5-ое изд-е; стереотип.
260 ## - PUBLICATION, DISTRIBUTION, ETC.
Place of publication, distribution, etc. Москва
260 ## - PUBLICATION, DISTRIBUTION, ETC.
Name of publisher, distributor, etc. Русский яз.-Медиа
260 ## - PUBLICATION, DISTRIBUTION, ETC.
Date of publication, distribution, etc. 2007
300 ## - PHYSICAL DESCRIPTION
Extent 342стр.
653 ## - INDEX TERM--UNCONTROLLED
Uncontrolled term русский язык
942 ## - ADDED ENTRY ELEMENTS (KOHA)
Koha item type წიგნი
ეგზემპლარები
Withdrawn status Lost status Damaged status Not for loan Date acquired Barcode Date last seen Price effective from Koha item type
        2018-12-17 1664 2018-12-17 2018-12-17 წიგნი
        2018-12-17 1665 2018-12-17 2018-12-17 წიგნი